Kostenplanung in Kombinaten und Betrieben

Guardado en:
Detalles Bibliográficos
Autor principal: Polaschewski, Edwin
Otros Autores: Schinkel, Karin, Hühnel, Wolfgang
Formato: Libro
Lenguaje:alemán
Publicado: Berlin Wirtschaft 1986
Edición:1. Aufl.
Etiquetas: Agregar Etiqueta
Sin Etiquetas, Sea el primero en etiquetar este registro!

MARC

LEADER 00000nam a2200000 4500
001 c022396
005 20221220073856.7
041 0 |a ger 
044 |a DE 
245 1 0 |a Kostenplanung in Kombinaten und Betrieben  |c Edwin Polaschewski, Karin Schinkel, Wolfgang Hühnel 
250 |a 1. Aufl. 
264 1 |a Berlin  |b Wirtschaft  |c 1986 
300 |a 218 s. 
100 1 |a Polaschewski, Edwin 
700 1 |a Schinkel, Karin 
700 1 |a Hühnel, Wolfgang